000
00330nam a2200145Ia 4500
008
150201s2001 xx 000 0 und d
082
_a
617.6
_b
O01R
100
_a
RANI,MS
245
_a
TB OF ORTHODONTICS
250
_a
3RD
260
_b
ALL INDIA AVICHAL
_a
DELHI
_c
2001
300
_a
1-376
650
_a
DENTISTRY
942
_2
ddc
_c
BK
999
_c
543
_d
543